| 000 | 00837nam a2200301 4500 | ||
|---|---|---|---|
| 001 | 0159459 | ||
| 003 | DO-SdBNP | ||
| 005 | 20160407145941.0 | ||
| 007 | 0159459 | ||
| 008 | 850617s1984 sp a spa | ||
| 016 | 7 |
_a _z _2BPMSU |
|
| 017 |
_a _b |
||
| 020 | _a8426705294 | ||
| 035 | _a | ||
| 040 |
_aBPMSU _bspa _cBPMSU _e |
||
| 041 | 1 |
_aspa _h |
|
| 080 | 0 | _a | |
| 100 | 1 | _aChant, Chris | |
| 245 | 1 | 3 |
_aEl reactor comercial : _h _bdesde el despegue hasta el aterrizaje/ _cChrist Chant ; traducción Juan Godo Costa |
| 260 |
_aBarcelona : _bMarcombo, _c1984 |
||
| 300 |
_a37 p.: _bil., _c30 cm |
||
| 490 | 0 | _aBiblioteca técnica juvenil | |
| 650 | 7 |
_a _v _2 |
|
| 700 |
_aGodo Costa, Juan _etr. |
||
| 830 | _aBiblioteca técnica juvenil | ||
| 942 |
_2ddc _cBK |
||
| 956 |
_aVMATEO _210 _320160407 _6BPMSU _80069 |
||
| 999 |
_c9634 _d9634 |
||